La conciencia crítica y los pobres: líderes indígenas hablan sobre las causas de la pobreza en Guatemala /
Georges Midré propone en su trabajo un interesante análisis sobre las causas de la pobreza y las posibles vías para enfrentarla. Con referentes explícitos de las elaboraciones de Oscar Lewis sobre cultura de la pobreza, el autor examina la relación entre pobreza y características psicológicas y soci...
Gardado en:
| Autor Principal: | |
|---|---|
| Formato: | Texto |
| Materias: | |
| Etiquetas: |
Engadir etiqueta
Sen Etiquetas, Sexa o primeiro en etiquetar este rexistro!
|
MARC
| LEADER | 00000 a a2200000 04500 | ||
|---|---|---|---|
| 001 | 41861 | ||
| 003 | |||
| 040 | |||
| 100 | |a Midré, Georges | ||
| 245 | |a La conciencia crítica y los pobres: |b líderes indígenas hablan sobre las causas de la pobreza en Guatemala / |c Georges Midré | ||
| 520 | |a Georges Midré propone en su trabajo un interesante análisis sobre las causas de la pobreza y las posibles vías para enfrentarla. Con referentes explícitos de las elaboraciones de Oscar Lewis sobre cultura de la pobreza, el autor examina la relación entre pobreza y características psicológicas y socioculturales de las personas pobres. La fuente principal del estudio la constituyen entrevistas realizadas a indígenas guatemaltecos, entre ellos líderes comunitarios. A partir de la reconstrucción e interpretación de los conceptos contenidos en sus discursos sociales, el autor construye con el empleo de la Teoría Fundamentada- el concepto de "conciencia crítica" entre cuyas características de?ne las siguientes: competencia crítica, energía, orientación colectiva e imagen de sí mismo. El autor concluye que las características personales -en especial la conciencia crítica- constituyen requisitos decisivos para luchar contra la pobreza. | ||
| 590 | |a RRA/MARZO2012 | ||
| 650 | |a POBREZA | ||
| 650 | |a CULTURA | ||
| 650 | |a IDEOLOGIAS | ||
| 650 | |a ASPECTOS SOCIALES | ||
| 650 | |a VALORES CULTURALES | ||
| 650 | |a AMERICA LATINA | ||
| 773 | |g (2008), páginas 243-273 | ||
| 999 | |c 24407 |d 24407 | ||
